Normal view
MARC view
- James Buckley
Entry Personal Name
001 - CONTROL NUMBER
- control field: 85841
003 - CONTROL NUMBER IDENTIFIER
- control field: OSt
005 - DATE AND TIME OF LATEST TRANSACTION
- control field: 20241205145029.0
008 - FIXED-LENGTH DATA ELEMENTS
- fixed length control field: 241205|| aca||aabn | a|a d
040 ## - CATALOGING SOURCE
- Original cataloging agency: OSt
- Transcribing agency: OSt
100 ## - HEADING--PERSONAL NAME
- Personal name: James Buckley
670 ## - SOURCE DATA FOUND
- Source citation: Work cat.: (OSt)48061: What are seasons? , 1986.